Welcome to CU Library Online Public Access Catalogue (OPAC)

POULTRY PRODUCTION IN HOT CLIMATIC ZONES (Record no. 7666)

MARC details
000 -LEADER
fixed length control field 00377nam a22001457a 4500
005 - DATE AND TIME OF LATEST TRANSACTION
control field 20250924091440.0
008 - FIXED-LENGTH DATA ELEMENTS--GENERAL INFORMATION
fixed length control field 250924b |||||||| |||| 00| 0 eng d
020 ## - INTERNATIONAL STANDARD BOOK NUMBER
International Standard Book Number 8176634816
050 ## - LIBRARY OF CONGRESS CALL NUMBER
Classification number SF481
Item number .7 SAX
100 ## - MAIN ENTRY--PERSONAL NAME
Personal name SAXENA H.C.
245 ## - TITLE STATEMENT
Title POULTRY PRODUCTION IN HOT CLIMATIC ZONES
260 ## - PUBLICATION, DISTRIBUTION, ETC.
Place of publication, distribution, etc. NEW DELHI
Name of publisher, distributor, etc. KALYANI PUBLISHERS
Date of publication, distribution, etc. 2000
300 ## - PHYSICAL DESCRIPTION
Extent 190p
942 ## - ADDED ENTRY ELEMENTS (KOHA)
Source of classification or shelving scheme Library of Congress Classification
Koha item type Books
Suppress in OPAC No
999 ## -
-- 7666
-- 7666
Holdings
Withdrawn status Lost status Source of classification or shelving scheme Damaged status Not for loan Collection Home library Current library Shelving location Date acquired Total checkouts Full call number Barcode Date last seen Copy number Price effective from Koha item type
    Library of Congress Classification     Non-fiction Science Library (Miotso) Science Library (Miotso) General stacks 11/06/2025   SF481.7 SAX SLM00005497 11/06/2025 1 11/06/2025 Books
    Library of Congress Classification     Non-fiction Undergraduate Library (Christ Temple) Undergraduate Library (Christ Temple) General stacks 09/24/2025   SF481.7 SAX ulct00004964 09/24/2025 1 09/24/2025 Books
    Library of Congress Classification     Non-fiction Undergraduate Library (Christ Temple) Undergraduate Library (Christ Temple) General stacks 09/25/2025   SF481.7 SAX ulct00005028 09/25/2025 1 09/25/2025 Books
    Library of Congress Classification     Non-fiction Undergraduate Library (Christ Temple) Undergraduate Library (Christ Temple) General stacks 09/25/2025   SF481.7 SAX ulct00005029 09/25/2025 2 09/25/2025 Books
    Library of Congress Classification     Non-fiction Undergraduate Library (Christ Temple) Undergraduate Library (Christ Temple) General stacks 09/27/2025   SF481.7 SAX ulct00005120 09/27/2025 1 09/27/2025 Books
© 2023-2024 Copyright: Central University Libraries. All Rights Reserved | Created by: Mahone Tech Office